[Event "BL 8485 Bayern-München 36"]
[Site "?"]
[Date "1984.??.??"]
[Round "?.2"]
[White "Kindermann, S."]
[Black "Robatsch, K."]
[Result "1-0"]
[WhiteElo "2490"]
[BlackElo "2430"]
[PlyCount "133"]
[EventDate "1984.??.??"]

1. e4 c5 2. Nf3 d6 3. d4 cxd4 4. Nxd4 Nf6 5. Nc3 Nc6 6. Bc4 Bd7 7. O-O a6 8.
Bb3 g6 9. Nxc6 Bxc6 10. Nd5 Bg7 11. Bg5 e6 12. Nxf6+ Bxf6 13. Bxf6 Qxf6 14.
Qxd6 Rd8 15. Qc5 Bxe4 16. Ba4+ b5 17. Bxb5+ axb5 18. Qxb5+ Kf8 19. Qb4+ Kg7 20.
Qxe4 Qxb2 21. a4 Rd2 22. a5 Qd4 23. Qxd4+ Rxd4 24. Rfb1 Ra8 25. Rb5 Rc4 26. Ra2
Rac8 27. Rbb2 Ra8 28. Rb1 Ra6 29. Kf1 Rc5 30. Rba1 Kf6 31. Ke2 Ke7 32. Kd2 Rd6+
33. Kc1 Ra6 34. Ra3 Kd7 35. c3 Kc7 36. Kc2 Kb7 37. Rb3+ Kc6 38. Rba3 Kb7 39.
Ra4 Rac6 40. a6+ Ka7 41. R1a3 Rd6 42. c4 Rd4 43. Kc3 Rd1 44. Rb3 Rc1+ 45. Kd4
Rf5 46. Rb7+ Ka8 47. a7 Rd1+ 48. Ke3 Re5+ 49. Kf4 Rf5+ 50. Kg3 Rg5+ 51. Kf3
Rf5+ 52. Ke2 Rd8 53. Rb5 Rf6 54. Ke3 Re8 55. f4 h5 56. g3 Rf5 57. Ke4 f6 58.
Raa5 Rd8 59. Ra6 e5 60. fxe5 fxe5 61. Rxg6 Rf2 62. Rb8+ Rxb8 63. axb8=Q+ Kxb8
64. h4 Re2+ 65. Kf3 Rc2 66. Rg5 Rc3+ 67. Ke4 1-0

[Event "BL 8485 Bayern-München 36"]
[Site "?"]
[Date "1984.??.??"]
[Round "?.3"]
[White "Nikolac, J."]
[Black "Hecht, H."]
[Result "1/2-1/2"]
[WhiteElo "2450"]
[BlackElo "2450"]
[PlyCount "144"]
[EventDate "1984.??.??"]

1. d4 e6 2. Nf3 Nf6 3. Bg5 h6 4. Bh4 b6 5. e3 Bb7 6. Bd3 c5 7. Nbd2 cxd4 8.
exd4 Be7 9. O-O O-O 10. c3 d6 11. Re1 Nbd7 12. a4 a6 13. Nc4 Qc7 14. Nfd2 Rfe8
15. Bg3 Bf8 16. Be2 Ne4 17. Nxe4 Bxe4 18. Rc1 Bb7 19. Nd2 Bc6 20. b4 Qb7 21.
Bf1 b5 22. Nb3 Bd5 23. Na5 Qb6 24. Ra1 Rec8 25. Qd3 Rab8 26. Ra3 Nf6 27. axb5
axb5 28. f3 Qc7 29. Qd2 Ba8 30. Rc1 Qd7 31. Nb3 Bd5 32. Qb2 Bc4 33. Bxc4 Rxc4
34. Nd2 Rc7 35. Ne4 Nxe4 36. fxe4 Rbc8 37. Rca1 Qc6 38. Qe2 Qd7 39. Be1 g6 40.
Ra5 Rb7 41. Bd2 Bg7 42. Qf3 Kh7 43. Ra6 Rc6 44. Ra8 Rc8 45. Rxc8 Qxc8 46. Qd3
d5 47. e5 Qc6 48. h4 h5 49. Qf3 Rc7 50. g4 hxg4 51. Qxg4 f6 52. h5 gxh5 53.
Qxh5+ Kg8 54. exf6 Bxf6 55. Bh6 Bg7 56. Qg6 e5 57. Qxc6 Rxc6 58. Ra8+ Kh7 59.
Bxg7 Kxg7 60. dxe5 Rxc3 61. Rb8 Kf7 62. Rxb5 Ke6 63. Kf2 Kxe5 64. Ke2 Ke4 65.
Ra5 Rc2+ 66. Kd1 Rb2 67. b5 d4 68. Kc1 Rb4 69. Kd2 Rb3 70. Ra8 Rb2+ 71. Kc1
Rxb5 72. Ra3 Rh5 1/2-1/2

[Event "BL 8485 Bayern-München 36"]
[Site "?"]
[Date "1984.??.??"]
[Round "?.4"]
[White "Bischoff, K."]
[Black "Bastian, H."]
[Result "1/2-1/2"]
[WhiteElo "2375"]
[BlackElo "2375"]
[PlyCount "78"]
[EventDate "1984.??.??"]

1. Nf3 g6 2. e4 Bg7 3. d4 d6 4. Nc3 Nf6 5. h3 c6 6. a4 O-O 7. Be3 Qa5 8. Nd2
Qc7 9. Be2 e5 10. dxe5 dxe5 11. O-O Be6 12. Bc4 Bxc4 13. Nxc4 Rd8 14. Qe2 Nbd7
15. Rfd1 Bf8 16. Qf3 Kg7 17. Bg5 Re8 18. Rd2 Re6 19. Rad1 Rae8 20. Ne3 Rd6 21.
Rxd6 Bxd6 22. Ne2 h6 23. Bh4 Re6 24. Ng3 Kg8 25. Ngf1 Be7 26. Nd2 Nc5 27. b3 a6
28. Bg3 b5 29. axb5 axb5 30. Ng4 Nxg4 31. Qxg4 Bf6 32. Ra1 Qd8 33. Qe2 Qd4 34.
Re1 Rd6 35. Nf3 Qc3 36. Kh2 Kg7 37. Qe3 Qxe3 38. Rxe3 Nd7 39. Re1 Kf8 1/2-1/2

[Event "BL 8485 Bayern-München 36"]
[Site "?"]
[Date "1984.??.??"]
[Round "?.5"]
[White "Mueller, Hei"]
[Black "Klundt, K."]
[Result "1/2-1/2"]
[WhiteElo "2270"]
[BlackElo "2340"]
[PlyCount "116"]
[EventDate "1984.??.??"]

1. d4 Nf6 2. Nf3 g6 3. b3 c5 4. e3 Bg7 5. Bb2 O-O 6. Be2 d5 7. O-O Nc6 8. Nbd2
b6 9. Bb5 Bb7 10. Qe2 a6 11. Bxc6 Bxc6 12. Ne5 Bb7 13. Rfd1 Rc8 14. Rac1 Nd7
15. Ndf3 Nxe5 16. Nxe5 Qc7 17. c4 cxd4 18. exd4 dxc4 19. Nxc4 b5 20. Ne5 Qd6
21. Qe3 Rfd8 22. Rxc8 Rxc8 23. Rd2 Qd5 24. f3 e6 25. Nd3 Qf5 26. Re2 h5 27. Re1
Kh7 28. Qe2 Bd5 29. Nb4 Bb7 30. Nd3 a5 31. Nc5 Bc6 32. Ne4 Rd8 33. Rd1 b4 34.
Qc2 Qb5 35. Rd2 Qb6 36. Kh1 Bb7 37. h3 Rc8 38. Qd1 Bd5 39. Nc5 Qd6 40. Qe2 Qg3
41. Ne4 Qf4 42. Rc2 Rxc2 43. Qxc2 Qe3 44. Qd2 Qxd2 45. Nxd2 Bh6 46. Ne4 Kg7 47.
Kg1 f5 48. Nc5 Be3+ 49. Kf1 Kf6 50. Nd3 Ke7 51. Ke2 f4 52. Ne5 g5 53. Nc4 Bxc4+
54. bxc4 a4 55. a3 b3 56. Kd3 e5 57. dxe5 Ke6 58. g4 hxg4 1/2-1/2

[Event "BL 8485 Bayern-München 36"]
[Site "?"]
[Date "1984.??.??"]
[Round "?.6"]
[White "Hickl, J."]
[Black "Zysk, R."]
[Result "0-1"]
[WhiteElo "2275"]
[BlackElo "2325"]
[PlyCount "66"]
[EventDate "1984.??.??"]

1. g3 e5 2. Bg2 d5 3. d3 Nc6 4. Nf3 Nf6 5. O-O Be7 6. Nbd2 O-O 7. e4 dxe4 8.
dxe4 Be6 9. c3 Qd3 10. Ng5 Bg4 11. Qb3 Nd7 12. Ngf3 Nc5 13. Qc4 Rad8 14. Qxd3
Nxd3 15. b4 f5 16. exf5 Bxf5 17. Nb3 Bg4 18. Ne1 Nxc1 19. Nxc1 Bg5 20. b5 Na5
21. h3 Bh5 22. g4 Be8 23. Nf3 Bf6 24. Nb3 Nxb3 25. axb3 Bxb5 26. Rfe1 e4 27.
Rxe4 Bxc3 28. Rxa7 Bc6 29. Rc4 Rd3 30. Nh2 Bd4 31. Ra2 Rg3 32. Rxc6 bxc6 33.
Rd2 Bb6 0-1

[Event "BL 8485 Enger-Braunschweig"]
[Site "?"]
[Date "1984.??.??"]
[Round "?.1"]
[White "Eng, H."]
[Black "Podzielny, K."]
[Result "0-1"]
[WhiteElo "2345"]
[BlackElo "2415"]
[PlyCount "88"]
[EventDate "1984.??.??"]

1. Nf3 Nf6 2. c4 c5 3. Nc3 e6 4. d4 cxd4 5. Nxd4 a6 6. e4 d6 7. Bd3 Be7 8. O-O
O-O 9. b3 b6 10. Bb2 Bb7 11. Rc1 Nbd7 12. Bb1 Qc7 13. f4 Rfe8 14. f5 Bf8 15.
fxe6 fxe6 16. Kh1 Ne5 17. Qe1 Qf7 18. Qh4 Qg6 19. Rce1 Be7 20. Qh3 Nfg4 21.
Nce2 Bg5 22. Nf4 Bxf4 23. Rxf4 Rf8 24. Rxf8+ Rxf8 25. Kg1 Rf2 26. Ba3 Qg5 27.
Bc1 Qf6 28. Ne2 h5 29. Be3 Rf3 30. gxf3 Nxf3+ 31. Kh1 Nxe1 32. Bxb6 Qb2 33. Bd3
Qd2 34. Qxh5 Nf6 35. Qa5 Bxe4+ 36. Bxe4 Qxe2 37. Be3 Nxe4 38. Qd8+ Kf7 39. Qd7+
Kf6 40. Bd4+ Kf5 41. Qf7+ Nf6 42. Qxg7 Qf1+ 43. Bg1 Qf3+ 44. Qg2 Qxg2# 0-1

[Event "BL 8485 Enger-Braunschweig"]
[Site "?"]
[Date "1984.??.??"]
[Round "?.3"]
[White "Schruefer, G."]
[Black "Fleck, J."]
[Result "1/2-1/2"]
[WhiteElo "2205"]
[BlackElo "2400"]
[PlyCount "57"]
[EventDate "1984.??.??"]

1. e4 c5 2. Nf3 d6 3. d4 cxd4 4. Nxd4 Nf6 5. Nc3 g6 6. Be3 Bg7 7. f3 Nc6 8. Qd2
O-O 9. g4 Be6 10. O-O-O Nxd4 11. Bxd4 Qa5 12. a3 Rfc8 13. h4 Rab8 14. Nd5 Qxd2+
15. Rxd2 Nxd5 16. Bxg7 Kxg7 17. exd5 Bd7 18. Rd4 Rc7 19. Bd3 b5 20. c3 Be8 21.
g5 f5 22. h5 Bf7 23. h6+ Kf8 24. Bc2 Rc5 25. Bb3 Ke8 26. Kd2 Kd8 27. Ke3 a5 28.
Rhd1 Kc7 29. Kd2 1/2-1/2

[Event "BL 8485 Erlangen-Enger"]
[Site "?"]
[Date "1984.??.??"]
[Round "?.1"]
[White "Smejkal, J."]
[Black "Heidrich, M."]
[Result "1-0"]
[WhiteElo "2540"]
[BlackElo "2260"]
[PlyCount "113"]
[EventDate "1984.??.??"]

1. c4 f5 2. Nf3 Nf6 3. g3 g6 4. b3 Bg7 5. Bb2 d6 6. d4 O-O 7. Bg2 c6 8. O-O Re8
9. Nc3 Qc7 10. d5 Na6 11. Nd4 e5 12. dxe6 Bxe6 13. Qc2 Nc5 14. Nxe6 Rxe6 15. e3
Rae8 16. Rad1 Qe7 17. b4 Nce4 18. Ne2 Qc7 19. Rd3 a5 20. a3 axb4 21. axb4 Nd7
22. Nf4 R6e7 23. Bxg7 Kxg7 24. Rfd1 Ne5 25. Bxe4 fxe4 26. Rxd6 Nf3+ 27. Kh1 Kg8
28. c5 Qc8 29. Qc4+ Kh8 30. Kg2 Qf5 31. Qc3+ Kg8 32. Qf6 Qxf6 33. Rxf6 Ra8 34.
Ne6 Rae8 35. Nd4 Ne5 36. Ne2 Nd3 37. Rb1 Ra8 38. Nf4 Ra2 39. Nxd3 exd3 40. Kg1
Rd7 41. Rd1 d2 42. Rd6 Rxd6 43. cxd6 Kf7 44. Kf1 Rb2 45. Ke2 Ke8 46. Rxd2 Rxb4
47. f4 Kd7 48. Kf3 Rb3 49. g4 c5 50. f5 gxf5 51. gxf5 Ra3 52. Ke4 c4 53. f6 c3
54. Rf2 Ra8 55. f7 Rf8 56. Kd5 b5 57. e4 1-0

[Event "BL 8485 Erlangen-Enger"]
[Site "?"]
[Date "1984.??.??"]
[Round "?.2"]
[White "Feustel, B."]
[Black "Podzielny, K."]
[Result "1-0"]
[WhiteElo "2335"]
[BlackElo "2415"]
[PlyCount "65"]
[EventDate "1984.??.??"]

1. c4 e5 2. Nc3 Nf6 3. g3 Bb4 4. Bg2 O-O 5. e4 Bxc3 6. dxc3 d6 7. Ne2 a5 8. a4
Na6 9. Qc2 Be6 10. b3 Qd7 11. h3 Nc5 12. Bg5 Ne8 13. Be3 f5 14. Bxc5 dxc5 15.
Rd1 Qc6 16. f4 fxe4 17. fxe5 Bf5 18. O-O Qh6 19. Nf4 g6 20. Bxe4 Ng7 21. Qg2
Rae8 22. Bxb7 g5 23. Nd5 Bxh3 24. Nf6+ Rxf6 25. exf6 Bxg2 26. f7+ Kf8 27.
fxe8=Q+ Kxe8 28. Bxg2 g4 29. Rfe1+ Kf7 30. Rd7+ Kf6 31. Rxc7 Qd2 32. Rc6+ Kg5
33. Re5+ 1-0

[Event "BL 8485 Erlangen-Enger"]
[Site "?"]
[Date "1984.??.??"]
[Round "?.3"]
[White "Gruen, G."]
[Black "Huenerkopf, H."]
[Result "1-0"]
[WhiteElo "2355"]
[BlackElo "2255"]
[PlyCount "65"]
[EventDate "1984.??.??"]

1. d4 Nf6 2. Nf3 g6 3. g3 Bg7 4. Bg2 O-O 5. O-O d5 6. c4 dxc4 7. Na3 c3 8. bxc3
c5 9. Ne5 Nd5 10. Bb2 Nc6 11. Nac4 Nxe5 12. Nxe5 Nb6 13. a4 Bxe5 14. dxe5 Nc4
15. Bc1 Qc7 16. Qd5 Be6 17. Qxb7 Qxb7 18. Bxb7 Rab8 19. Bg2 Rb3 20. Bg5 Re8 21.
Bf4 Rxc3 22. Rfb1 Rc2 23. Rb7 a6 24. Rc7 Na5 25. Rd1 Kg7 26. Bg5 Rxe2 27. Bxe7
Rxe5 28. Bxc5 Bb3 29. Bd4 Bxd1 30. f4 Bxa4 31. Bxe5+ Kg8 32. Bc3 Rb8 33. Bxa5 {
.../48/} 1-0

[Event "BL 8485 Erlangen-Enger"]
[Site "?"]
[Date "1984.??.??"]
[Round "?.4"]
[White "Roeder, F."]
[Black "Stertenbrink, G."]
[Result "1-0"]
[WhiteElo "2250"]
[BlackElo "2225"]
[PlyCount "81"]
[EventDate "1984.??.??"]

1. e4 c5 2. c3 d5 3. exd5 Qxd5 4. d4 Nf6 5. dxc5 Qxd1+ 6. Kxd1 e5 7. b4 Nc6 8.
Bb5 Bf5 9. Nf3 O-O-O+ 10. Ke2 Nd5 11. Bd2 e4 12. Ng5 Ne5 13. c4 Ne7 14. Bc3
N7g6 15. Nd2 a6 16. Ba4 f6 17. Ngxe4 Nf4+ 18. Kf1 Nxc4 19. Nxc4 Bxe4 20. Nb6+
Kc7 21. f3 Bd3+ 22. Kf2 Bb5 23. Bxb5 axb5 24. Rhd1 Nd3+ 25. Kf1 Kc6 26. Rd2 Be7
27. Rad1 Nf4 28. g3 Rxd2 29. Rxd2 Ng6 30. f4 Bd8 31. Nc8 Re8 32. Na7+ Kc7 33.
Nxb5+ Kb8 34. Rd7 Be7 35. Nc7 Rc8 36. Nd5 Bf8 37. f5 Ne5 38. Bxe5+ fxe5 39. Rf7
Rd8 40. Nb6 Ka7 41. Nd7 1-0

[Event "BL 8485 Erlangen-Enger"]
[Site "?"]
[Date "1984.??.??"]
[Round "?.6"]
[White "Strobel, W."]
[Black "Groenegress, W."]
[Result "1/2-1/2"]
[WhiteElo "2275"]
[BlackElo "2210"]
[PlyCount "102"]
[EventDate "1984.??.??"]

1. e4 c5 2. Nf3 e6 3. Nc3 a6 4. a4 d5 5. exd5 exd5 6. d4 c4 7. g3 Bb4 8. Bg2
Nf6 9. O-O O-O 10. Bg5 Bxc3 11. bxc3 h6 12. Bxf6 Qxf6 13. Ne5 Rd8 14. Rb1 Nc6
15. Rb6 Rd6 16. f4 Qd8 17. Qb1 Ne7 18. Rxd6 Qxd6 19. Re1 Rb8 20. Qb4 Qxb4 21.
cxb4 Kf8 22. c3 f6 23. Nf3 Bd7 24. a5 Re8 25. Kf2 Nc8 26. Nd2 Rxe1 27. Kxe1 Ne7
28. Nf1 Kf7 29. Ne3 Ke6 30. f5+ Kd6 31. g4 Be8 32. Kf2 h5 33. h3 hxg4 34. hxg4
Bf7 35. Bf3 Nc6 36. Ke1 Na7 37. Kd2 Nb5 38. Ng2 Nc7 39. Nf4 Ne8 40. Ke3 Nc7 41.
Ne2 Ne8 42. Kf4 Nc7 43. g5 Be8 44. g6 Bc6 45. Ke3 Bd7 46. Bg4 Ne8 47. Ng3 Bc6
48. Bd1 Ke7 49. Bf3 Kd6 50. Nh5 Ke7 51. Nf4 Nc7 1/2-1/2

[Event "BL 8485 Bamberg-Braunschweig"]
[Site "?"]
[Date "1984.??.??"]
[Round "?.1"]
[White "Eng, H."]
[Black "Seppeur, R."]
[Result "1/2-1/2"]
[WhiteElo "2345"]
[BlackElo "2310"]
[PlyCount "117"]
[EventDate "1984.??.??"]

1. Nf3 Nf6 2. c4 g6 3. Nc3 Bg7 4. e4 d6 5. d4 O-O 6. Be2 e5 7. Be3 Nc6 8. d5
Ne7 9. Nd2 c5 10. g4 Ne8 11. g5 f5 12. gxf6 Nxf6 13. h4 h6 14. Rg1 Kh7 15. Qc2
a6 16. O-O-O b5 17. Rg3 Bd7 18. Rdg1 Be8 19. Rf1 Nc8 20. f4 exf4 21. Bxf4 Nd7
22. h5 Ne5 23. hxg6+ Bxg6 24. cxb5 axb5 25. Bxb5 Qh4 26. Bxe5 Rxf1+ 27. Bxf1
Bxe5 28. Rh3 Qf2 29. Nd1 Qd4 30. Qb3 Ne7 31. Rd3 Qg1 32. Qb7 Re8 33. Qd7 Qg5
34. Bh3 Rf8 35. Qg4 Rf4 36. Qxg5 hxg5 37. Bg2 g4 38. a4 Kh6 39. a5 Rf8 40. Nc4
Bf4+ 41. Kc2 Be8 42. Nc3 Nc8 43. Rd1 Kg5 44. Rh1 Bg6 45. Kd3 Na7 46. Ne2 Nb5
47. Nxf4 Rxf4 48. Rf1 Rxf1 49. Bxf1 Kf4 50. a6 Bxe4+ 51. Kd2 g3 52. Ne3 Na7 53.
Bh3 Ke5 54. Kc3 Kf4 55. Kd2 Bh1 56. Kd3 Kf3 57. Nf5 Kf2 58. Nxd6 Bxd5 59. Ne4+
1/2-1/2

[Event "BL 8485 Enger-Bamberg"]
[Site "?"]
[Date "1984.??.??"]
[Round "?.1"]
[White "Seppeur, R."]
[Black "Smejkal, J."]
[Result "1-0"]
[WhiteElo "2310"]
[BlackElo "2540"]
[PlyCount "95"]
[EventDate "1984.??.??"]

1. e4 c5 2. Nc3 Nc6 3. g3 g6 4. Bg2 Bg7 5. d3 d6 6. Be3 e5 7. Qd2 Be6 8. f4 Nf6
9. Nf3 Ng4 10. Bg1 exf4 11. gxf4 Nd4 12. O-O-O Qa5 13. h3 Nb5 14. Nb1 Qxd2+ 15.
Nbxd2 Nf6 16. Kb1 Nh5 17. Bh2 O-O-O 18. Ng5 Nd4 19. Rhf1 Bh6 20. c3 Nc6 21. h4
Ng7 22. Nc4 Kc7 23. Ne3 Ne7 24. d4 cxd4 25. cxd4 f6 26. Nxe6+ Nxe6 27. Ng4 Bg7
28. f5 gxf5 29. exf5 Nf8 30. h5 Rg8 31. Rc1+ Kd7 32. Bxb7 Bh8 33. Nh6 Rg7 34.
Bf3 Rb8 35. Rc4 Rc8 36. Ra4 Rc7 37. Ra6 Nc8 38. Rc1 Re7 39. Rac6 Rxc6 40. Bxc6+
Kd8 41. Bd5 Re2 42. Bg3 Ne7 43. Nf7+ Kd7 44. Bc4 Nxf5 45. Bxe2 Nxg3 46. Bb5+
Ke6 47. Nxh8 f5 48. Rc8 1-0

[Event "BL 8485 Enger-Bamberg"]
[Site "?"]
[Date "1984.??.??"]
[Round "?.2"]
[White "Podzielny, K."]
[Black "Bartsch, B."]
[Result "1-0"]
[WhiteElo "2415"]
[BlackElo "2265"]
[PlyCount "65"]
[EventDate "1984.??.??"]

1. d4 Nf6 2. Nf3 e6 3. g3 d5 4. Bg2 Be7 5. O-O O-O 6. c4 b6 7. cxd5 exd5 8. Nc3
Bb7 9. Bf4 c6 10. Rc1 Nbd7 11. Qa4 a5 12. Rfd1 b5 13. Qc2 Qb6 14. Bh3 Rad8 15.
Nh4 g6 16. Bh6 Rfe8 17. Ng2 Bf8 18. Bxf8 Nxf8 19. Nf4 Bc8 20. Bxc8 Rxc8 21. e3
N8d7 22. h4 Kg7 23. Kg2 h6 24. Nce2 Ne4 25. Qd3 Ndf6 26. Rf1 Qb7 27. b3 Qd7 28.
f3 Nd6 29. g4 Nxg4 30. fxg4 Qxg4+ 31. Ng3 Nf5 32. Nfh5+ Kh8 33. Rxf5 1-0

[Event "BL 8485 Enger-Bamberg"]
[Site "?"]
[Date "1984.??.??"]
[Round "?.4"]
[White "Stertenbrink, G."]
[Black "Treppner, G."]
[Result "1/2-1/2"]
[WhiteElo "2225"]
[BlackElo "2300"]
[PlyCount "104"]
[EventDate "1984.??.??"]

1. e4 e5 2. Nf3 Nf6 3. Nc3 Nc6 4. Bb5 Bb4 5. O-O O-O 6. d3 d6 7. Ne2 Bg4 8. c3
Bc5 9. Ng3 Nh5 10. Kh1 Qf6 11. h3 Bxf3 12. Qxf3 Qxf3 13. gxf3 Nxg3+ 14. fxg3 a6
15. Bc4 Na5 16. b4 Nxc4 17. bxc5 Na5 18. cxd6 cxd6 19. Ba3 Rfd8 20. c4 b5 21.
cxb5 axb5 22. Rfc1 Nb7 23. Bb4 Rdc8 24. a3 f6 25. Kg1 Kf7 26. Kf2 Ke6 27. Ke3
Nc5 28. Rab1 Na4 29. f4 g6 30. g4 exf4+ 31. Kxf4 d5 32. Ke3 dxe4 33. Kxe4 f5+
34. gxf5+ gxf5+ 35. Kf4 Rxc1 36. Rxc1 Nb2 37. Rc6+ Kd7 38. Rd6+ Kc7 39. Kxf5
Rf8+ 40. Ke4 Re8+ 41. Kd4 Rg8 42. Rh6 Rd8+ 43. Kc3 Na4+ 44. Kc2 Rd7 45. h4 Kb7
46. Re6 Nb6 47. Re7 Rxe7 48. Bxe7 Nd5 49. Bg5 Kc6 50. d4 Nb6 51. Kb3 Nd5 52.
Kc2 Kd6 1/2-1/2

[Event "BL 8485 Enger-Bamberg"]
[Site "?"]
[Date "1984.??.??"]
[Round "?.6"]
[White "Groenegress, W."]
[Black "Kestler, H."]
[Result "1/2-1/2"]
[WhiteElo "2210"]
[BlackElo "2410"]
[PlyCount "62"]
[EventDate "1984.??.??"]

1. e4 c5 2. c3 e6 3. d4 d5 4. exd5 exd5 5. Nf3 Nc6 6. Be2 Bd6 7. O-O Nge7 8.
dxc5 Bxc5 9. Nbd2 O-O 10. Nb3 Bb6 11. Nbd4 Bg4 12. h3 Bh5 13. Bg5 Qd6 14. Qd2
a6 15. Bf4 Qd7 16. Nxc6 Nxc6 17. Rad1 Rad8 18. Ne5 Nxe5 19. Bxh5 Qf5 20. Bxe5
Qxh5 21. Qf4 Rd7 22. Bd4 Bc7 23. Qg4 Qxg4 24. hxg4 Re8 25. Rfe1 Re6 26. Kf1 g6
27. Rd2 Bf4 28. Rxe6 fxe6 29. Re2 Kf7 30. g3 Bd6 31. g5 Re7 1/2-1/2

[Event "BL 8485 Braunschweig-Erlangen"]
[Site "?"]
[Date "1984.??.??"]
[Round "?.1"]
[White "Heidrich, M."]
[Black "Eng, H."]
[Result "0-1"]
[WhiteElo "2260"]
[BlackElo "2345"]
[PlyCount "60"]
[EventDate "1984.??.??"]

1. e4 e5 2. Nf3 Nf6 3. Nc3 Bb4 4. Bc4 d6 5. O-O O-O 6. d3 Be6 7. Bb3 h6 8. Be3
Re8 9. Nd2 c6 10. Re1 d5 11. d4 Ng4 12. Nf3 dxe4 13. Nxe5 Bxc3 14. bxc3 Nxe5
15. dxe5 Nd7 16. Bf4 Nc5 17. Qh5 Qa5 18. Re3 Bxb3 19. cxb3 Nd3 20. Rxe4 Qxc3
21. Rf1 Nxf4 22. Rxf4 Re7 23. Re4 Rd8 24. Rfe1 Rd2 25. R4e2 Rxa2 26. h3 Rxe2
27. Qxe2 Qxb3 28. f4 Qb5 29. Qe4 Qd5 30. Qe2 Qd4+ 0-1

[Event "BL 8485 Braunschweig-Erlangen"]
[Site "?"]
[Date "1984.??.??"]
[Round "?.3"]
[White "Huenerkopf, H."]
[Black "Schruefer, G."]
[Result "1/2-1/2"]
[WhiteElo "2255"]
[BlackElo "2205"]
[PlyCount "41"]
[EventDate "1984.??.??"]

1. e4 c5 2. c3 d5 3. exd5 Qxd5 4. d4 Nf6 5. Nf3 e6 6. Bd3 Be7 7. O-O O-O 8. c4
Qd8 9. dxc5 Bxc5 10. Nc3 Nbd7 11. Bg5 Be7 12. Qc2 h6 13. Bh4 b6 14. Rad1 Bb7
15. Ne4 Nh5 16. Bxe7 Qxe7 17. Rfe1 Nc5 18. Ne5 Nxd3 19. Qxd3 Rad8 20. Qf3 Rxd1
21. Qxd1 1/2-1/2

[Event "BL 8485 Solingen-Bayern"]
[Site "?"]
[Date "1984.??.??"]
[Round "?.1"]
[White "Pfleger, He"]
[Black "Huebner, R."]
[Result "1/2-1/2"]
[WhiteElo "2490"]
[BlackElo "2610"]
[PlyCount "75"]
[EventDate "1984.??.??"]

1. Nf3 d5 2. d4 Nf6 3. c4 dxc4 4. e3 e6 5. Bxc4 a6 6. a4 c5 7. Nc3 Nc6 8. O-O
Qc7 9. Qe2 Bd6 10. dxc5 Bxc5 11. e4 Ng4 12. g3 O-O 13. Bf4 e5 14. Nd5 Qd6 15.
Bd2 Nf6 16. Nxf6+ Qxf6 17. Be3 Bxe3 18. Qxe3 Be6 19. Rac1 Rad8 20. Kg2 Rd7 21.
Be2 Nd4 22. Nxd4 Rxd4 23. b3 Rfd8 24. Rfd1 h6 25. Rxd4 Rxd4 26. Rd1 Rb4 27. Rd3
Qe7 28. h3 Kh7 29. Bg4 Bxg4 30. hxg4 Qe6 31. Qf3 g6 32. Rd5 Kg7 33. Qd3 Qb6 34.
a5 Qc7 35. Rd7 Qc6 36. Rd5 Qc7 37. Rd7 Qc6 38. Rd5 1/2-1/2

[Event "BL 8485 Solingen-Bayern"]
[Site "?"]
[Date "1984.??.??"]
[Round "?.2"]
[White "Spassky, B."]
[Black "Kindermann, S."]
[Result "1/2-1/2"]
[WhiteElo "2590"]
[BlackElo "2490"]
[PlyCount "77"]
[EventDate "1984.??.??"]

1. e4 c5 2. Nf3 e6 3. d4 cxd4 4. Nxd4 Nf6 5. Nc3 d6 6. g3 Be7 7. Bg2 a6 8. O-O
Qc7 9. a4 Nc6 10. Nb3 b6 11. f4 O-O 12. Be3 Rb8 13. Qe2 Nd7 14. g4 Re8 15. g5
Bf8 16. Rf3 g6 17. Rh3 Nb4 18. Rd1 Bg7 19. Qd2 Nc5 20. Qf2 Nd7 21. f5 exf5 22.
exf5 Ne5 23. Rh4 a5 24. Nd4 Bxf5 25. Nxf5 gxf5 26. Qxf5 Ng6 27. Re4 Be5 28. Rd2
d5 29. Nxd5 Nxd5 30. Rxd5 Qxc2 31. Rd7 Qb3 32. Bd2 Rbd8 33. Rxe5 Nxe5 34. Rxd8
Rxd8 35. Qxe5 Rxd2 36. Qe8+ Kg7 37. Qe5+ Kg8 38. Qe8+ Kg7 39. Qe5+ 1/2-1/2

[Event "BL 8485 Solingen-Bayern"]
[Site "?"]
[Date "1984.??.??"]
[Round "?.3"]
[White "Hecht, H."]
[Black "Lobron, E."]
[Result "1/2-1/2"]
[WhiteElo "2450"]
[BlackElo "2495"]
[PlyCount "78"]
[EventDate "1984.??.??"]

1. e4 c6 2. d4 d5 3. Nd2 dxe4 4. Nxe4 Bf5 5. Ng3 Bg6 6. Bc4 e6 7. N1e2 Qh4 8.
Bf4 Nd7 9. Qd2 h6 10. Bd3 Bxd3 11. Qxd3 Bb4+ 12. c3 Be7 13. Ne4 Ngf6 14. Nd6+
Bxd6 15. Bxd6 Qe4 16. Qxe4 Nxe4 17. Bf4 O-O-O 18. f3 Nef6 19. c4 Rhe8 20. O-O-O
e5 21. Bxe5 Nxe5 22. dxe5 Rxe5 23. Rxd8+ Kxd8 24. Nf4 g5 25. Nd3 Re2 26. Rd1
Kc7 27. Rd2 Re3 28. Rd1 Re2 29. Rd2 Re7 30. Kd1 Nh5 31. Re2 Rd7 32. Kc2 Rxd3
33. Kxd3 Nf4+ 34. Ke3 Nxe2 35. Kxe2 Kd6 36. Kd3 Kc5 37. Kc3 a5 38. b3 f5 39. g3
Kd6 1/2-1/2

[Event "BL 8485 Solingen-Bayern"]
[Site "?"]
[Date "1984.??.??"]
[Round "?.4"]
[White "Lau, R."]
[Black "Bischoff, K."]
[Result "1/2-1/2"]
[WhiteElo "2400"]
[BlackElo "2375"]
[PlyCount "39"]
[EventDate "1984.??.??"]

1. e4 e6 2. d4 d5 3. Nd2 Nf6 4. e5 Nfd7 5. c3 c5 6. Bd3 Nc6 7. Ne2 cxd4 8. cxd4
f6 9. exf6 Nxf6 10. O-O Bd6 11. Nf3 Qc7 12. Bg5 O-O 13. Rc1 h6 14. Bh4 Qb6 15.
Nc3 Qxb2 16. Nb5 Bf4 17. Rb1 Qxa2 18. Ra1 Qb2 19. Rb1 Qa2 20. Ra1 1/2-1/2

[Event "BL 8485 Solingen-Bayern"]
[Site "?"]
[Date "1984.??.??"]
[Round "?.5"]
[White "Calvo Minguez, R."]
[Black "Borik, O."]
[Result "1-0"]
[WhiteElo "2410"]
[BlackElo "2370"]
[PlyCount "55"]
[EventDate "1984.??.??"]

1. d4 d5 2. c4 e6 3. Nc3 c5 4. cxd5 exd5 5. Nf3 Nc6 6. g3 Nf6 7. Bg2 Be7 8. O-O
O-O 9. dxc5 d4 10. Na4 Bf5 11. Ne1 Qd7 12. Nd3 Bh3 13. b4 Bxg2 14. Kxg2 b5 15.
cxb6 Nxb4 16. Nxb4 Bxb4 17. Rb1 Ba5 18. b7 Rab8 19. f3 Rfe8 20. Rf2 Qd5 21. Qb3
Qxb3 22. Rxb3 Re7 23. Rb5 Be1 24. Nc5 Bxf2 25. Kxf2 Nd5 26. Na6 Nc3 27. Nxb8
Nxb5 28. Nd7 1-0

[Event "BL 8485 Solingen-Bayern"]
[Site "?"]
[Date "1984.??.??"]
[Round "?.6"]
[White "Dueball, J."]
[Black "Klundt, K."]
[Result "1/2-1/2"]
[WhiteElo "2445"]
[BlackElo "2340"]
[PlyCount "85"]
[EventDate "1984.??.??"]

1. d4 Nf6 2. c4 g6 3. Nc3 Bg7 4. e4 d6 5. f3 c5 6. dxc5 dxc5 7. Qxd8+ Kxd8 8.
e5 Nfd7 9. f4 Nc6 10. Be3 f6 11. exf6 Bxf6 12. O-O-O Bxc3 13. bxc3 b6 14. Nf3
Kc7 15. Be2 Nf6 16. Ne5 Bb7 17. Rhf1 Rhf8 18. g4 Rad8 19. Rxd8 Rxd8 20. Nf7 Rf8
21. Ng5 Nd8 22. f5 gxf5 23. gxf5 Rg8 24. Rd1 Ne4 25. f6 Nxf6 26. Bf4+ Kc8 27.
Bd3 Bc6 28. Nxh7 Ne4 29. Bxe4 Bxe4 30. Ng5 Bf5 31. h4 Ne6 32. Nxe6 Bxe6 33. h5
Rg4 34. Bd2 Rh4 35. h6 Bxc4 36. Re1 e6 37. Rg1 Bxa2 38. Rg7 Rh1+ 39. Kb2 Bb1
40. Rxa7 Bd3 41. Re7 Rb1+ 42. Ka2 Rd1 43. Bf4 1/2-1/2

[Event "BL 8485 Solingen-Bayern"]
[Site "?"]
[Date "1984.??.??"]
[Round "?.7"]
[White "Hickl, J."]
[Black "Borngaesser, R."]
[Result "1/2-1/2"]
[WhiteElo "2275"]
[BlackElo "2335"]
[PlyCount "100"]
[EventDate "1984.??.??"]

1. c4 f5 2. g3 Nf6 3. Bg2 g6 4. Nh3 Bg7 5. d4 O-O 6. O-O Nc6 7. Nc3 d6 8. Nf4
Bd7 9. Rb1 e5 10. dxe5 dxe5 11. Nfd5 Ne8 12. Na4 Nd4 13. Nc5 Bc8 14. e3 Ne6 15.
Nxe6 Bxe6 16. b3 c6 17. Nc3 Qa5 18. Na4 Rd8 19. Qe1 Qc7 20. Ba3 Rf7 21. Rd1 e4
22. Qe2 b6 23. Bb2 Nf6 24. Be5 Qc8 25. Qb2 Rdd7 26. Nc3 Qf8 27. Ne2 Rxd1 28.
Rxd1 Rd7 29. Rxd7 Bxd7 30. h3 Be8 31. f3 exf3 32. Bxf3 Qe7 33. Kg2 Ng4 34. hxg4
Bxe5 35. Qc2 Qg5 36. gxf5 Qxe3 37. fxg6 hxg6 38. Qd1 Qg5 39. Qd3 Kg7 40. Be4
Qf6 41. Bf3 Qg5 42. Be4 Qf6 43. Qe3 g5 44. Qd2 Kh6 45. Ng1 Bc3 46. Qe2 Bh5 47.
Bf3 Bg6 48. Be4 Bh5 49. Bf3 Bg6 50. Be4 Bf7 1/2-1/2

[Event "BL 8485 Solingen-Bayern"]
[Site "?"]
[Date "1984.??.??"]
[Round "?.8"]
[White "Meyer, CD."]
[Black "Schubert, C."]
[Result "0-1"]
[WhiteElo "2315"]
[BlackElo "2260"]
[PlyCount "68"]
[EventDate "1984.??.??"]

1. e4 c5 2. Nf3 Nc6 3. Bb5 g6 4. O-O Bg7 5. Re1 e5 6. Bxc6 dxc6 7. d3 Ne7 8.
Be3 b6 9. Nbd2 O-O 10. Nc4 Qc7 11. a4 Be6 12. Qc1 f6 13. Rf1 Nc8 14. Nfd2 f5
15. exf5 gxf5 16. f4 e4 17. Ne5 exd3 18. Nxd3 Ne7 19. Qe1 Ng6 20. Bxc5 Rfe8 21.
Be3 c5 22. Qg3 Bd5 23. Rae1 Re6 24. Nf3 Rae8 25. Nde5 Kh8 26. Bd2 Nxe5 27. Nxe5
Rg8 28. Qd3 Bxg2 29. Kxg2 Bxe5+ 30. Kh1 Bd4 31. Qf3 Qg7 32. h3 Rg6 33. Be3 Rg3
34. Bxd4 cxd4 0-1